A light in the East Texas forest : a history of the First Baptist Church of Lufkin, Texas, 1883-1983 /

Bibliographic Details
Main Author: Morris, C. Gwin (Clovis Gwin), 1941-
Corporate Author: First Baptist Church (Lufkin, Tex.)
Format: Book
Language:English
Published: [Place of publication not identified] : [publisher not identified], 1985.
Subjects:

MARC

Tag First Indicator Second Indicator Subfields
LEADER 00000cam a2200000 a 4500
001 in00000011110
005 20190207093339.0
008 850910s1985 txua 00110 eng d
035 |a (OCoLC)12533926 
035 |9 AAA5780AM 
040 |a MHB  |c MHB  |d TXA  |d UtOrBLW 
049 |a TXAS [txas]  |c 1,2 
050 4 |a BX6480.L94  |b F5 1985 
082 0 4 |a 286.14 M875l 
100 1 |a Morris, C. Gwin  |q (Clovis Gwin),  |d 1941- 
245 1 2 |a A light in the East Texas forest :  |b a history of the First Baptist Church of Lufkin, Texas, 1883-1983 /  |c C. Gwin Morris, Ph.D. 
264 1 |a [Place of publication not identified] :  |b [publisher not identified],  |c 1985. 
300 |a x, 102 pages :  |b illustrations ;  |c 23 cm. 
336 |a text  |b txt  |2 rdacontent 
337 |a unmediated  |b n  |2 rdamedia 
338 |a volume  |b nc  |2 rdacarrier 
500 |a The Cushing Library/Chapman Texas Collection copy is part of the Floyd & Louise Chapman Texas & Borderlands Collection.  |5 TXA 
651 0 |a Lufkin (Tex.)  |x Church history. 
650 0 |a Baptists  |v Biography. 
610 2 0 |a First Baptist Church (Lufkin, Tex.) 
710 2 |a First Baptist Church (Lufkin, Tex.) 
999 |a MARS 
999 f f |s 991241e5-66c4-3ba0-90ae-8282ea84d4a1  |i 48e6eb2d-fc80-39cd-bf18-ec058cb7d388  |t 0 
952 f f |p noncirc  |a Texas A&M University  |b College Station  |c Cushing Memorial Library & Archives  |d Cushing: Chapman Texas Collection (Does not check out)  |t 0  |e BX6480.L94 F5 1985  |h Library of Congress classification  |i unmediated -- volume  |m A14852108860 
952 f f |p noncirc  |a Texas A&M University  |b College Station  |c Cushing Memorial Library & Archives  |d Cushing: Chapman Texas Collection (Does not check out)  |t 0  |e BX6480.L94 F5 1985  |h Library of Congress classification  |i unmediated -- volume  |m A14852108852 
998 f f |a BX6480.L94 F5 1985  |t 0  |l Cushing: Chapman Texas Collection (Does not check out) 
998 f f |a BX6480.L94 F5 1985  |t 0  |l Cushing: Chapman Texas Collection (Does not check out)